| 000 | 01188cam a2200241 4500 | ||
|---|---|---|---|
| 001 | J128974 | ||
| 008 | 050307n1935 000 0 eng u | ||
| 035 | _a(Sirsi) u128974 | ||
| 041 | _aeng | ||
| 050 |
_a720 _c18 |
||
| 100 |
_aGater, George _cSir |
||
| 245 |
_aSurvey of London volume 18 _bCharing Cross _bthe parish of St Martin-in-the-Fields part two |
||
| 260 |
_aLondon _bCountry Life _c1935 |
||
| 300 |
_axxii, 163p. _bill. _c30cm. |
||
| 490 |
_aSurvey of London Main Series _v18 |
||
| 520 | _aThis volume of the "Survey of London", English Heritage's detailed architectural and topographical study, describes buildings around the Strand (many which have been demolished or rebuilt), explaining how they came into being and outlining their significance and historical associations. This earlier volume is highly selective and includes few buildings erected after 1800. Includes photographs and maps together with plans, sections and elevations of selected buildings. | ||
| 590 | _aSOL | ||
| 690 | _aBUILT ENVIRONMENT-CONSTRUCTION DESIGN | ||
| 700 | _aWheeler, E. P. | ||
| 700 |
_aGater, G. H. _xGeneral Editor |
||
| 700 |
_aGodfrey, Walter H. _xGeneral Editor |
||
| 942 | _n0 | ||
| 999 |
_c104062 _d104062 |
||